[Event "Let's Play Chess!"]
[Site "http://www.queenalice.com/game.php?id=412683"]
[Date "2008.6.4"]
[Round "-"]
[White "jsh272"]
[Black "Andy"]
[Result "0-1"]
[WhiteElo "1497"]
[BlackElo "1554"]

1. e3 e5 2. Nc3 Bb4 3. Nf3 Nc6 4. Bc4 h6 5. O-O d6 6. Nd5 Be6 7. e4 Bxd5 8. Bxd5
Nf6 9. c3 Bc5 10. d4 Bb6 11. dxe5 Nxd5 12. exd5 Nxe5 13. Qe2 O-O 14. Nxe5 dxe5
15. Qg4 g5 16. Rd1 f5 17. Qc4 Qd6 18. a4 c6 0-1

[Event "Challenge"]
[Site "http://www.queenalice.com/game.php?id=415893"]
[Date "2008.6.11"]
[Round "-"]
[White "chessgoddess"]
[Black "Andy"]
[Result "1-0"]
[WhiteElo "1500"]
[BlackElo "1517"]

1. e4 e5 2. Bc4 Bc5 3. d3 Nc6 4. Nc3 d6 5. f4 g6 6. f5 gxf5 7. Qh5 Qd7 8. a3 Nf6
9. Qh6 Qe7 10. Bg5 Qf8 11. Qxf6 Rg8 12. Bb5 Rg6 13. Qd8# 1-0

[Event "QA-ANNIV-04"]
[Site "http://www.queenalice.com/game.php?id=418356"]
[Date "2008.6.16"]
[Round "1"]
[White "Andy"]
[Black "Renatogr90"]
[Result "1-0"]
[WhiteElo "1568"]
[BlackElo "1583"]

1. e4 e5 2. Bc4 Nf6 3. d3 d5 4. Bxd5 Nxd5 5. exd5 Qxd5 6. Nf3 Bg4 7. h3 Bxf3 8.
Qxf3 Qxf3 9. gxf3 Bb4+ 10. c3 Bc5 11. Be3 Bxe3 12. fxe3 Nc6 13. Nd2 O-O 14.
O-O-O f5 15. d4 exd4 16. exd4 h5 17. f4 Rfe8 18. Rhg1 Re3 19. h4 Rh3 20. Rh1
Rxh1 21. Rxh1 Ne7 22. Rg1 b6 23. Rg5 Nd5 24. Rxf5 Ne3 25. Rxh5 Rf8 26. b4 Rxf4
27. Re5 Ng4 28. Re7 c5 29. dxc5 bxc5 30. bxc5 Ra4 31. Kb2 Nf2 32. c6 Ra5 33. Nb3
Rb5 34. c7 Nd3+ 35. Kc2 Nf4 36. c8=Q+ Kh7 37. Qf8 Ng6 38. Qxg7# 1-0

[Event "Challenge"]
[Site "http://www.queenalice.com/game.php?id=425294"]
[Date "2008.6.30"]
[Round "-"]
[White "cridio"]
[Black "Andy"]
[Result "0-1"]
[WhiteElo "1500"]
[BlackElo "1585"]

1. d3 d5 2. Be3 Nf6 3. Nd2 Nc6 4. Ngf3 h6 5. Nb3 e6 6. Nfd4 a6 7. h4 e5 8. Nf3
d4 9. Bd2 Bd6 10. g4 Nxg4 11. Rg1 O-O 12. a4 Qf6 0-1

[Event "Let's Play Chess!"]
[Site "http://www.queenalice.com/game.php?id=529919"]
[Date "2009.1.26"]
[Round "-"]
[White "dladuke7"]
[Black "Andy"]
[Result "1/2-1/2"]
[WhiteElo "1695"]
[BlackElo "1609"]

1. e4 e5 2. Bc4 Nf6 3. Nc3 Bc5 4. d3 Nc6 5. Nf3 h6 6. Bd5 Ng4 7. Be3 Bxe3 8.
fxe3 Nxe3 9. Qd2 Nxd5 10. Nxd5 O-O 11. O-O-O d6 12. Rhf1 Bg4 13. h3 Bxf3 14.
gxf3 Qd7 15. Rh1 Nd4 16. Nc3 Nxf3 17. Qf2 Ng5 18. Ne2 Nxh3 19. Qg2 Ng5 20. Ng1
Qa4 21. a3 c5 22. Nf3 f6 23. Nxg5 fxg5 24. Rhf1 Rxf1 25. Rxf1 Rf8 26. Rxf8+ Kxf8
27. Qh3 c4 28. Qc8+ Kf7 29. Qxb7+ Kg8 30. Qd5+ Kh7 31. Qxc4 Qxc4 32. dxc4 g4 33.
Kd1 Kg6 34. Ke2 Kf6 35. b4 Ke6 36. a4 Kd7 37. Kf2 Kc7 38. Kg3 a5 39. c3 h5 40.
Kh4 g6 41. Kg3 Kb6 42. b5 Kc7 43. Kh4 Kb6 44. Kg3 Kc7 45. Kg2 h4 46. Kh2 g3+ 47.
Kh3 g5 48. Kg2 Kb6 49. Kh3 Kc7 50. Kg2 Kb6 51. Kh3 1/2-1/2

[Event "96"]
[Site "http://www.queenalice.com/game.php?id=548771"]
[Date "2009.3.1"]
[Round "-"]
[White "heckaugusto"]
[Black "Andy"]
[Result "0-1"]
[WhiteElo "1567"]
[BlackElo "1631"]

1. f4 d5 2. Nf3 Nf6 3. g3 Bg4 4. Bg2 e6 5. O-O Bxf3 6. Bxf3 c6 7. d3 Qb6+ 8. Kh1
d4 9. c3 Bc5 10. Nd2 dxc3 11. bxc3 O-O 12. e4 Nfd7 13. Nb3 e5 14. Nxc5 Qxc5 15.
d4 Qxc3 16. Bd2 Qxd4 17. Rb1 b6 18. Qc2 c5 19. fxe5 Nxe5 20. Bc3 Qd6 21. Rbd1
Qe7 22. a4 Nbc6 23. Qa2 Rad8 24. a5 Rxd1 25. Bxd1 Qe6 26. Bb3 Qe7 27. Rf4 b5 28.
Bd5 b4 29. Bxe5 Nxe5 30. Qf2 Nd3 31. Qf3 Nxf4 32. gxf4 Qc7 33. a6 c4 34. e5 c3
0-1

[Event "Challenge"]
[Site "http://www.queenalice.com/game.php?id=556837"]
[Date "2009.3.16"]
[Round "-"]
[White "ORNELAS"]
[Black "Andy"]
[Result "0-1"]
[WhiteElo "1678"]
[BlackElo "1612"]

1. d4 d5 2. e3 Nf6 3. c4 e6 4. c5 b6 5. b4 bxc5 6. bxc5 Nc6 7. Nd2 e5 8. Ndf3
exd4 9. Nxd4 Bb7 10. Bb2 Bxc5 11. Ngf3 Bb4+ 12. Nd2 O-O 13. Bd3 g6 14. Nc2 Qd7
15. O-O Rae8 16. Bxf6 Qd6 17. Nxb4 Nxb4 18. Bg5 Re6 19. Bh6 Rd8 20. Qb1 d4 21.
Bc4 Qc6 22. Bxe6 Qxg2# 0-1

[Event "Let's Play Chess!"]
[Site "http://www.queenalice.com/game.php?id=570706"]
[Date "2009.4.12"]
[Round "-"]
[White "dwrogers"]
[Black "Andy"]
[Result "0-1"]
[WhiteElo "1430"]
[BlackElo "1644"]

1. e4 e5 2. Nf3 Nc6 3. Bc4 Bc5 4. d3 h6 5. O-O d6 6. Nc3 Nf6 7. Bb5 O-O 8. Nd5
Nxd5 9. Bxc6 bxc6 10. exd5 cxd5 11. d4 Bg4 12. dxc5 e4 13. Qxd5 exf3 14. g3 Qd7
15. c6 Qf5 16. Qxf5 Bxf5 17. c4 Bd3 18. Rd1 Bxc4 19. Rd4 Rfe8 20. Bd2 Bb5 21.
Rg4 Bxc6 22. Bxh6 g6 23. Rc1 Bd5 24. Bd2 c5 25. Bf4 Rad8 26. b3 a5 27. Bg5 Ra8
28. Be3 a4 29. bxa4 Bxa2 30. Rf4 Bd5 31. Rd1 Rab8 32. a5 Rb5 33. Rf6 Rxa5 34. h3
Be6 35. Rxf3 Bxh3 36. Rxd6 c4 37. Kh2 Bf5 38. Rc6 Be4 39. Rcf6 Bxf3 40. Rxf3 c3
41. Bb6 Ra3 42. Bc5 Rb3 43. Bd4 Rc8 44. Rf4 Kf8 45. Rf3 c2 46. Be3 c1=Q 47. Bxc1
Rxf3 48. Bh6+ Kg8 49. Kg2 Rb3 0-1

[Event "Let's Play Chess!"]
[Site "http://www.queenalice.com/game.php?id=598651"]
[Date "2009.6.4"]
[Round "-"]
[White "spawnwolfwolverine"]
[Black "Andy"]
[Result "0-1"]
[WhiteElo "1571"]
[BlackElo "1651"]

1. c4 e5 2. d3 Nc6 3. e4 Bc5 4. Nf3 d6 5. Be2 Nf6 6. Bg5 h6 7. Bxf6 Qxf6 8. Nc3
O-O 9. O-O b6 10. a3 a5 11. Nd5 Qd8 12. Qa4 Nd4 13. Nxd4 Bxd4 14. Rab1 Bd7 15.
Qb3 a4 16. Qb4 Be6 17. b3 axb3 18. Rxb3 c6 19. Nxb6 Bxb6 20. Qxb6 Qxb6 21. Rxb6
Rfc8 22. Ra1 d5 23. cxd5 cxd5 24. exd5 Bxd5 25. a4 Rc2 26. Bf3 Rxa4 27. Rf1 Rc5
28. Bxd5 Rxd5 29. Rb3 Rad4 30. Rd1 e4 31. g3 exd3 32. Rdxd3 Rxd3 33. Rxd3 Rxd3
34. f4 f5 35. Kg2 g5 36. fxg5 hxg5 37. h4 gxh4 38. gxh4 f4 39. Kf2 Kh7 40. Kg2
Kh6 41. Kf2 Kh5 42. Kg2 Kxh4 43. Kf2 Kg4 44. Kg2 f3+ 45. Kf2 Kf4 46. Ke1 Ke3 47.
Kf1 Rd1# 0-1

[Event "Let's Play Chess!"]
[Site "http://www.queenalice.com/game.php?id=627450"]
[Date "2009.7.30"]
[Round "-"]
[White "kiko_rs"]
[Black "Andy"]
[Result "1-0"]
[WhiteElo "1450"]
[BlackElo "1664"]

1. g3 e5 2. e4 Nf6 3. Nc3 Nc6 4. Nf3 Bc5 5. Bg2 O-O 6. O-O d6 7. d3 Be6 8. h3 h6
9. a3 a6 10. Ne2 b5 11. b4 Bb6 12. c3 Ne7 13. d4 Nxe4 14. Nh4 f5 15. g4 Rb8 16.
f3 Nf6 17. a4 c6 18. a5 Ba7 19. Ng3 f4 20. Ne4 Nxe4 21. fxe4 Bc4 22. Re1 g5 23.
Nf5 Nxf5 24. exf5 c5 25. bxc5 dxc5 26. Rxe5 cxd4 27. Kh2 dxc3 28. Bd5+ Bxd5 29.
Rxd5 c2 30. Qd3 Qc8 31. f6 Rxf6 32. Rd7 Qc5 33. Ba3 Qf2+ 34. Kh1 f3 35. Qh7# 1-0

[Event "Let's Play Chess!"]
[Site "http://www.queenalice.com/game.php?id=905067"]
[Date "2011.2.25"]
[Round "-"]
[White "digger"]
[Black "Andy"]
[Result "1-0"]
[WhiteElo "1576"]
[BlackElo "1639"]

1. e4 e5 2. Bc4 Nf6 3. Nf3 Bc5 4. d4 exd4 5. Nxd4 Bxd4 6. Qxd4 Nc6 7. Qc3 d6 8.
Bg5 h6 9. Bxf6 Qxf6 10. Qxf6 gxf6 11. O-O Be6 12. Bb5 Bd7 13. Nc3 O-O-O 14. Rfe1
a6 15. Bc4 Be6 16. Bd3 Nd4 17. f3 Rhg8 18. Rad1 b5 19. Kh1 h5 20. f4 f5 21. exf5
Bxf5 22. Nd5 Rge8 23. Ne7+ Kb7 24. Bxf5 Nxf5 25. Nxf5 Rh8 26. Re7 f6 27. h4 Kc6
28. Nd4+ Kb7 29. Ne6 Rc8 30. Rxd6 f5 31. Rdd7 Rhe8 32. Rxe8 Rxe8 33. Nc5+ Kb6
34. Nd3 Re2 35. Nb4 Re4 36. c3 Re2 37. Nd3 Re4 38. Rd5 Re3 39. Nb4 a5 40. Nc2
Re2 41. Nd4 Rxb2 42. Rxf5 c5 43. Rf6+ Kb7 44. Rf7+ Kb6 45. Ne6 Rxa2 46. Rf5 c4
47. Rxh5 b4 48. cxb4 axb4 49. Rc5 c3 50. Rc4 Kb5 51. Rc8 Ra1+ 52. Kh2 Re1 53.
Nd4+ Kb6 54. Rc6+ Kb7 55. Rc4 Re4 56. Rxb4+ Kc8 57. g3 Kd7 58. h5 Re8 59. h6 Rc8
60. Nc2 Ke6 61. Rb6+ Kf7 62. g4 Re8 63. Kh3 Re4 64. f5 Rf4 65. Kg3 Re4 66. Rc6
Re8 67. g5 Re2 68. Nd4 Re3+ 69. Kf4 Rd3 70. Rc7+ Ke8 71. Ke4 Rg3 72. Kf4 Rd3 73.
Ke4 Rg3 74. g6 Kd8 75. Rc6 Rg4+ 76. Ke5 Rg3 77. g7 Ke7 78. f6+ Ke8 79. h7 Kd7
80. h8=Q Re3+ 81. Kf4 Re8 82. Qh3+ Re6 83. Qxe6+ Kd8 84. Qc8# 1-0

[Event "Let's Play Chess!"]
[Site "http://www.queenalice.com/game.php?id=1139621"]
[Date "2013.1.12"]
[Round "-"]
[White "Andy"]
[Black "spawnwolfwolverine"]
[Result "0-1"]
[WhiteElo "1633"]
[BlackElo "1736"]

1. e4 e5 2. Nf3 d6 3. d4 exd4 4. Nxd4 Nc6 5. Nxc6 bxc6 6. Nc3 a5 7. Bc4 Ba6 8.
b3 Bxc4 9. bxc4 g6 10. O-O Bg7 11. Bd2 Ne7 12. Rb1 O-O 13. Re1 Bxc3 14. Bxc3 c5
15. Rb5 f5 16. exf5 Nxf5 17. Rxa5 Rxa5 18. Bxa5 Nd4 19. Bc3 Qh4 20. f3 Qg5 21.
Bxd4 cxd4 22. Qxd4 Qc5 23. Qxc5 dxc5 24. a4 Ra8 25. Ra1 Kf7 26. a5 Ke6 27. Kf2
Ke5 28. Ke3 g5 29. g4 h6 30. a6 Kd6 31. f4 gxf4+ 32. Kxf4 Kc6 33. h4 Kb6 34. g5
hxg5+ 35. hxg5 Rxa6 36. g6 Rxa1 37. Kf5 Ka5 38. g7 Rg1 39. Kf6 Kb4 40. Kf7 Kxc4
41. g8=Q Rxg8 42. Kxg8 Kc3 43. Kf7 Kxc2 44. Ke6 c4 45. Kd5 c3 46. Kc4 Kb2 47.
Kd3 c2 48. Kd4 c1=Q 0-1

[Event "Let's Play!"]
[Site "http://www.queenalice.com/game.php?id=1287674"]
[Date "2014.6.12"]
[Round "-"]
[White "digger"]
[Black "Andy"]
[Result "0-1"]
[WhiteElo "1629"]
[BlackElo "1604"]

1. b4 e5 2. e4 Bxb4 3. a3 Be7 4. d4 exd4 5. Qxd4 f6 6. Bb2 Nc6 7. Qd2 d6 8. Bc4
g6 9. Nc3 Ne5 10. Bb3 c6 11. Nge2 Nf7 12. O-O Ng5 13. f4 Ne6 14. f5 Nc5 15. fxg6
hxg6 16. Nf4 Nxb3 17. cxb3 g5 18. Nfe2 Be6 19. b4 Qb6+ 20. Kh1 O-O-O 21. Rf2
Qxf2 22. Nd1 Qf1+ 23. Ng1 d5 24. Qf2 Qxf2 25. Nxf2 b6 26. h3 c5 27. Rc1 d4 28.
Rd1 f5 29. bxc5 bxc5 30. exf5 Bxf5 31. Nf3 Bc2 32. Rc1 Bg6 33. Bxd4 Nf6 34. Bxc5
Bxc5 35. Rxc5+ Kb7 36. Rxg5 Bc2 37. Kh2 Ne4 38. Rb5+ Ka6 39. Rb2 Nxf2 40. Rxc2
Nd3 41. Ng5 Rc8 42. Rd2 Rc3 43. Ne4 Rxa3 44. Rc2 Ka5 45. Nd2 Ka4 46. Rc7 a6 47.
Ra7 Kb5 48. Nb1 Rb3 49. Rb7+ Ka4 50. Rd7 Rxb1 51. Rxd3 a5 52. Kg3 Kb4 53. h4 a4
54. Kg4 a3 55. Rd4+ Kc3 56. Rd7 a2 57. Rc7+ Kd3 58. Rd7+ Ke3 59. Re7+ Kd4 60.
Ra7 a1=Q 61. Rxa1 Rxa1 62. h5 Ra5 63. g3 Ke4 64. Kh4 Rhxh5+ 65. Kg4 Rag5# 0-1

[Event "Desaixmuiron"]
[Site "http://www.queenalice.com/game.php?id=1288692"]
[Date "2014.6.16"]
[Round "1"]
[White "Andy"]
[Black "vinoseco"]
[Result "0-1"]
[WhiteElo "1621"]
[BlackElo "1747"]

1. e4 c5 2. Nf3 Nc6 3. d4 e6 4. Bg5 Be7 5. Be3 Qb6 6. b3 cxd4 7. Nxd4 Bb4+ 8. c3
Be7 9. Nf5 Bc5 10. Bxc5 Qxc5 11. Nxg7+ Kf8 12. Nh5 Nh6 13. f3 Qxh5 14. Qd6+ Ke8
15. g4 Qh4+ 16. Qg3 Qg5 17. h4 Qe3+ 18. Be2 f6 19. Qf2 Qf4 20. Rg1 Ne5 21. Qg3
Qc1+ 22. Kf2 Qb2 23. Na3 Qxa3 24. Rgb1 b6 25. Qg1 Qc5+ 26. Kg2 Qxc3 27. Qc1 Qxc1
28. Rxc1 Rg8 29. Rg1 f5 30. exf5 exf5 31. Kf2 fxg4 32. fxg4 Rf8+ 33. Ke3 Bb7 34.
Rgf1 Nexg4+ 35. Kd4 Nf5+ 36. Kc3 Rc8+ 37. Kd3 Ba6+ 38. Kd2 Bxe2 0-1

[Event "Fair Play 1"]
[Site "http://www.queenalice.com/game.php?id=1291190"]
[Date "2014.6.28"]
[Round "-"]
[White "Franzel"]
[Black "Andy"]
[Result "1/2-1/2"]
[WhiteElo "1448"]
[BlackElo "1621"]

1. b3 e5 2. Bb2 Nc6 3. e3 d5 4. Bb5 Bd6 5. Ne2 Bd7 6. O-O a6 7. Bxc6 Bxc6 8. d3
Nf6 9. Nd2 O-O 10. c4 dxc4 11. Nxc4 Bd5 12. Nxd6 cxd6 13. Nc3 Rc8 14. Nxd5 Nxd5
15. Qd2 Qc7 16. Rac1 Qd7 17. Rxc8 Rxc8 18. Rc1 Rxc1+ 19. Qxc1 Qc7 20. Qxc7 Nxc7
21. f4 exf4 22. exf4 Ne6 23. g3 b5 24. d4 d5 25. h3 f5 26. Kf2 Kf7 27. Ke3
1/2-1/2

[Event "Let's Play Chess!"]
[Site "http://www.queenalice.com/game.php?id=1292880"]
[Date "2014.7.6"]
[Round "-"]
[White "Franzel"]
[Black "Andy"]
[Result "1-0"]
[WhiteElo "1863"]
[BlackElo "1610"]

1. c4 e5 2. Nc3 f5 3. d3 Bb4 4. Bd2 Bxc3 5. Bxc3 d6 6. g3 Nc6 7. Bg2 Bd7 8. e3
Nf6 9. Ne2 O-O 10. O-O Qe7 11. a3 Nd8 12. b4 Bc6 13. Bxc6 Nxc6 14. Qb3 Qf7 15.
Qb2 Qe6 16. Rac1 a6 17. a4 b5 18. cxb5 axb5 19. a5 Nb8 20. d4 exd4 21. Nxd4 Qd5
22. Qb3 Qxb3 23. Nxb3 Na6 24. Rfd1 Kf7 25. Nd4 Rab8 26. Nc6 Ra8 27. Bxf6 gxf6
28. Rc3 Nb8 29. Nxb8 Rfxb8 30. Rxc7+ Ke6 31. Rc6 Rd8 32. Rb6 Rab8 33. Rdxd6+
Rxd6 34. Rxb8 Rd5 35. a6 Rd1+ 36. Kg2 Ra1 37. Ra8 Kd6 38. a7 Kc7 39. Rh8 Rxa7
40. Rxh7+ Kb8 41. Rxa7 Kxa7 42. h4 Kb7 43. h5 Kc6 44. h6 Kd5 45. h7 Kc4 46. h8=Q
Kxb4 47. Qxf6 Kb3 48. Qxf5 b4 49. Kf3 Ka2 50. Ke2 b3 51. Qd5 Kb2 52. Kd2 Kb1 53.
Qxb3+ Ka1 54. Qb4 1-0